Statistics for Months

Click here to take the quiz!

General Stats

  • This quiz has been taken 184 times
    (181 since last reset)
  • The average score is 6 of 12

Answer Stats

Months% Correct
January
82%
March
74%
June
72%
July
70%
May
70%
April
69%
February
64%
August
44%
September
30%
November
20%
October
20%
December
15%

Score Distribution

Percentile by Number Answered

Percent of People with Each Score

Your Score History

You have not taken this quiz since the last reset